000 01194cam a22003497a 4500
003 CHAP
005 20220329140714.0
008 971013s1976 r 00010 d
010 _a56315
011 _a57287
035 _a61441
040 _cCHAP
090 _aFolleto 6640
100 0 0 _aZea, Leopoldo.
_9123844
245 1 3 _aLa filosofía latinoamericana
260 _aMéxico, D.F. :
_bAsociación Nacional de Universidades e Institutos de Enseñanza Superior,
_c1976
300 _a63 p.
490 0 _aTemas básicos. Filosofía
590 _aBATCH-UPD
_b10
_c20130110
_lUCH01
_h0149
590 _aBATCH-UPD
_b10
_c20130110
_lUCH01
_h1907
590 _aBATCH-UPD
_b10
_c20130409
_lUCH01
_h2149
590 _aBATCH-UPD
_b10
_c20130410
_lUCH01
_h1234
590 _aBATCH-UPD
_b10
_c20130914
_lUCH01
_h1408
590 _aCONVERSION
_b10
_c20130109
_lUCH01
_h1330
650 1 4 _aFilosofía latinoamericana.
_940906
830 0 _aTemas básicos. Filosofía
_9112132
901 _aBK
942 _cFOLL
949 _aFolleto 6640
_bBC
_cFOLL
_d-131963
_eTS1
_i61441
_si
949 _aFolleto 6640
_bBC
_cFOLL
_d-131964
_eTS2
_fc.2
_i61441
_si
949 _aFolleto 6640
_bBC
_cFOLL
_d-131965
_eTS2
_fc.3
_i61441
_si
999 _c56315
_d56315